000
00279nam a22001337a 4500
003
SGT
082
_a
370
_b
Y15M
100
_a
MRUNALINI, T.
245
_a
YOGA EDUCATION
260
_a
NEW DELHI
_b
NEELKAMAL PUB
_c
2015
300
_a
232
650
_a
EDUCATION
942
_2
ddc
_c
BK
_0
10
999
_c
12406
_d
12406